Praktická príručka pre bezpečnostných technikov
Saved in:
| Format: | Serial |
|---|---|
| Tags: |
No Tags, Be the first to tag this record!
|
MARC
| LEADER | 00000nas a22000003a 4500 | ||
|---|---|---|---|
| 001 | stu114088 | ||
| 005 | 20141122135148.7 | ||
| 008 | 060310s--------------------------------d | ||
| 040 | |a STU |b slo | ||
| 041 | 0 | ||
| 245 | |a Praktická príručka pre bezpečnostných technikov | ||
| 773 | 0 | |t Praktická príručka pre bezpečnostných technikov : |w stu_us_cat*stu114082 |x 1336-7668 |7 nnas | |
| 996 | |b 284M072419 |c M*11868-1 |d Základné dielo |v Základné dielo |l MMKN |s A |a 24 |w stu114088_0001 | ||